B2B Segmentation Strategy for Mobilink / (Record no. 526937)
[ view plain ]
| 000 -LEADER | |
|---|---|
| fixed length control field | 00532nam a22001937a 4500 |
| 003 - CONTROL NUMBER IDENTIFIER | |
| control field | NUST |
| 005 - DATE AND TIME OF LATEST TRANSACTION | |
| control field | 20190718050633.0 |
| 008 - FIXED-LENGTH DATA ELEMENTS--GENERAL INFORMATION | |
| fixed length control field | 190718b ||||| |||| 00| 0 eng d |
| 038 ## - RECORD CONTENT LICENSOR | |
| Staff Name | Attaullah. |
| 082 ## - DEWEY DECIMAL CLASSIFICATION NUMBER | |
| Classification number | 658.4 |
| 100 ## - MAIN ENTRY--PERSONAL NAME | |
| Personal name | Waheed, Adnan |
| 9 (RLIN) | 17942 |
| 245 ## - TITLE STATEMENT | |
| Title | B2B Segmentation Strategy for Mobilink / |
| Statement of responsibility, etc. | Adnan Waheed. |
| 260 ## - PUBLICATION, DISTRIBUTION, ETC. | |
| Place of publication, distribution, etc. | Islamabad : |
| Name of publisher, distributor, etc. | NBS - NUST, |
| Date of publication, distribution, etc. | 2014. |
| 300 ## - PHYSICAL DESCRIPTION | |
| Extent | 98 p. : ill. ; |
| Dimensions | 30cm. |
| 500 ## - GENERAL NOTE | |
| General note | Hard Cover. |
| 650 ## - SUBJECT ADDED ENTRY--TOPICAL TERM | |
| Topical term or geographic name entry element | EMBA Thesis. |
| 9 (RLIN) | 17645 |
| 700 ## - ADDED ENTRY--PERSONAL NAME | |
| Personal name | Dr. Ayesha Pervaiz. |
| 9 (RLIN) | 17943 |
| 942 ## - ADDED ENTRY ELEMENTS (KOHA) | |
| Source of classification or shelving scheme | |
| Koha item type | Thesis |
| Withdrawn status | Lost status | Source of classification or shelving scheme | Damaged status | Not for loan | Permanent Location | Current Location | Shelving location | Date acquired | Full call number | Barcode | Date last seen | Price effective from | Koha item type |
|---|---|---|---|---|---|---|---|---|---|---|---|---|---|
| Central Library (CL) | Central Library (CL) | Thesis | 07/18/2019 | 658.4 | CL-T-2657 | 07/19/2019 | 07/18/2019 | Thesis |
